• 首页
  • 本馆介绍
  • 公告通知
  • 最新文献
  • 馆藏检索
  • 电子资源
  • 读者导购
  • 参考咨询
  • 我的图书馆
  • 登录
  • 详细信息显示
  • 放入我的书架
  • 预约/预借图书
  • 作者相关作品
  • 分类相关作品
  • 丛书相关作品
  • 出版社相关作品

书目信息

  • 表格格式
  • 工作单格式
  • 卡片格式
题名:
国际阳明学研究
    
 
作者: ;国际阳明学研究中心主办
分册:  
出版信息: 上海   上海古籍出版社  2012.10
页数: 382页
开本: 20cm
丛书名:
单 册:
中图分类: B248.25
科图分类:
主题词: 哲学--中国--明代
电子资源:
ISBN: 7-5325-6654-4
000 00669nam0 2200193 450
001 2635560690
005 20260414095510.94
010    @a7-5325-6654-4@dCNY68.00
100    @a20260414d2012 km y0chiy0120 ea
101 0  @achi
102    @aCN@b310000
200 1  @a国际阳明学研究@AGuo Ji Yang Ming Xue Yan Jiu@f国际阳明学研究中心主办@FGuo Ji Yang Ming Xue Yan Jiu Zhong Xin Zhu Ban
210    @a上海@c上海古籍出版社@d2012.10
215    @a382页@d20cm
606 0  @a哲学@x中国@x明代
690    @aB248.25@v4
711 02 @a国际阳明学研究中心主办@AGuo Ji Yang Ming Xue Yan Jiu Zhong Xin Zhu Ban
801  0 @aCN@b大连网信软件有限公司图书馆·11@c20260414
905    @aZUCC@dB248.25@e122
    
    国际阳明学研究/国际阳明学研究中心主办.-上海:上海古籍出版社,2012.10
    382页;20cm
    
    
    ISBN 7-5325-6654-4:CNY68.00
    
●
相关链接 在E读中查询图书 在五车中查询图书 在当当中查询图书 在豆瓣中查询图书


正题名:国际阳明学研究     索取号:B248.25/122         预约/预借

序号 登录号 条形码 馆藏地/架位号 状态 备注
1 1442642   214426423   第一样本阅览室/ [索取号:B248.25/122] 在馆    
唐山师范学院图书馆 欢迎您!
大连网信软件有限公司© 版权所有